000 00414nam a2200157Ia 4500
008 210210b1998 xxu||||| |||| 00| 0 eng d
020 _a81 7328 092 4
082 _a338.954 AGRI
100 _aAGRAWAL (A N).
245 _aIndian economy: problems of development and planning. Ed.24
250 _a
260 _aND
_bWishwa Prakashan
_c1998
300 _axv,749
690 _aIndian Economics
906 _a053582
999 _c101587
_d101587